CSGO Players by Letter: F - Statistics

General Stats
  • This quiz has been taken 29 times
  • The average score is 13 of 18
Answer Stats
Nationality Role(s) Team(s) Player % Correct
Israel Entry Endpoint / OG FlameZ
91%
Russia Rifler HellRaisers / Natus Vincere / 1win Flamie
91%
Russia Rifler K23 / Virtus.pro / Outsiders Fame
87%
Brazil Entry Luminosity Gaming / SK Gaming / MIBR / Imperial Esports Fer
87%
Brazil Rifler Luminosity Gaming / SK Gaming / Immortals / Imperial Esports fnx
87%
Russia Lurker forZe / Virtus.pro / Outsiders FL1T
83%
Slovakia Rifler MOUZ Frozen
83%
Poland Rifler AGO / OG F1KU
78%
Sweden Rifler / AWP Ninjas in Pyjamas / Dignitas F0rest
74%
Germany Rifler Sprout / BIG faveN
74%
Sweden IGL / Entry Ninjas in Pyjamas / OpTic Gaming / Heroic / Dignitas Friberg
74%
Denmark AWP Copenhagen Flames / GODSENT / FunPlus Phoenix / Astralis Farlig
70%
Nertherlands Rifler ECSTATIC / Fnatic FASHR
65%
Brazil Lurker / AWP Immortals / SK Gaming / MIBR / GODSENT / Fluxo Felps
65%
USA Rifler ATK / Cloud 9 / Extra Salt / Complexity Gaming Floppy
61%
Canada Entry Extra Salt / Complexity Gaming FaNg
57%
USA Entry Cloud 9 / Swole Patrol / eUnited / Mythic Freakazoid
52%
Hong Kong Entry TYLOO Freeman
43%
No matching quizzes found
Score Distribution
Percent of People with Each Score
Percentile by Number Answered
Your Score History
You have not taken this quiz